<?xml version="1.0" encoding="UTF-8"?><marc:collection xmlns:marc="http://www.loc.gov/MARC21/slim">
  <marc:record>
    <marc:leader>03016nas a2200589 c 4500</marc:leader>
    <marc:controlfield tag="001">01000288X</marc:controlfield>
    <marc:controlfield tag="003">DE-101</marc:controlfield>
    <marc:controlfield tag="005">20250627135640.0</marc:controlfield>
    <marc:controlfield tag="006">sa</marc:controlfield>
    <marc:controlfield tag="007">tu</marc:controlfield>
    <marc:controlfield tag="008">991118c18969999fr f||p|  ||| 0||||1fre c</marc:controlfield>
    <marc:datafield tag="015" ind1=" " ind2=" ">
      <marc:subfield code="a">14,A04</marc:subfield>
      <marc:subfield code="2">dnb</marc:subfield>
    </marc:datafield>
    <marc:datafield tag="016" ind1="7" ind2=" ">
      <marc:subfield code="2">DE-600</marc:subfield>
      <marc:subfield code="a">347-5</marc:subfield>
    </marc:datafield>
    <marc:datafield tag="016" ind1="7" ind2=" ">
      <marc:subfield code="2">DE-101</marc:subfield>
      <marc:subfield code="a">01000288X</marc:subfield>
    </marc:datafield>
    <marc:datafield tag="022" ind1=" " ind2=" ">
      <marc:subfield code="a">0066-2399</marc:subfield>
    </marc:datafield>
    <marc:datafield tag="022" ind1=" " ind2=" ">
      <marc:subfield code="a">0245-9051 (1898-1927)</marc:subfield>
    </marc:datafield>
    <marc:datafield tag="035" ind1=" " ind2=" ">
      <marc:subfield code="a">(DE-599)ZDB347-5</marc:subfield>
    </marc:datafield>
    <marc:datafield tag="035" ind1=" " ind2=" ">
      <marc:subfield code="a">(OCoLC)1367302773</marc:subfield>
    </marc:datafield>
    <marc:datafield tag="040" ind1=" " ind2=" ">
      <marc:subfield code="a">9001</marc:subfield>
      <marc:subfield code="b">ger</marc:subfield>
      <marc:subfield code="c">DE-101</marc:subfield>
      <marc:subfield code="d">9001</marc:subfield>
    </marc:datafield>
    <marc:datafield tag="041" ind1=" " ind2=" ">
      <marc:subfield code="a">fre</marc:subfield>
    </marc:datafield>
    <marc:datafield tag="042" ind1=" " ind2=" ">
      <marc:subfield code="a">zdb</marc:subfield>
    </marc:datafield>
    <marc:datafield tag="044" ind1=" " ind2=" ">
      <marc:subfield code="c">XA-FR</marc:subfield>
    </marc:datafield>
    <marc:datafield tag="082" ind1="7" ind2="4">
      <marc:subfield code="a">300</marc:subfield>
      <marc:subfield code="q">DE-101</marc:subfield>
      <marc:subfield code="2">22sdnb</marc:subfield>
    </marc:datafield>
    <marc:datafield tag="083" ind1="7" ind2=" ">
      <marc:subfield code="a">300</marc:subfield>
      <marc:subfield code="q">DE-600</marc:subfield>
      <marc:subfield code="2">22sdnb</marc:subfield>
    </marc:datafield>
    <marc:datafield tag="084" ind1=" " ind2=" ">
      <marc:subfield code="a">3,4</marc:subfield>
      <marc:subfield code="2">ssgn</marc:subfield>
    </marc:datafield>
    <marc:datafield tag="084" ind1=" " ind2=" ">
      <marc:subfield code="a">012000*zs</marc:subfield>
      <marc:subfield code="2">sbb</marc:subfield>
    </marc:datafield>
    <marc:datafield tag="084" ind1=" " ind2=" ">
      <marc:subfield code="a">MN 1000</marc:subfield>
      <marc:subfield code="2">rvk</marc:subfield>
    </marc:datafield>
    <marc:datafield tag="245" ind1="0" ind2="0">
      <marc:subfield code="a">&#152;L'&#156; année sociologique</marc:subfield>
      <marc:subfield code="c">fondateur Emile Durkheim</marc:subfield>
    </marc:datafield>
    <marc:datafield tag="246" ind1="3" ind2=" ">
      <marc:subfield code="a">Bibliothèque de philosophie contemporaine / L' année sociologique</marc:subfield>
    </marc:datafield>
    <marc:datafield tag="264" ind1="3" ind2="1">
      <marc:subfield code="a">Paris</marc:subfield>
      <marc:subfield code="b">Presses Univ. de France</marc:subfield>
      <marc:subfield code="c">1896-</marc:subfield>
    </marc:datafield>
    <marc:datafield tag="336" ind1=" " ind2=" ">
      <marc:subfield code="a">Text</marc:subfield>
      <marc:subfield code="b">txt</marc:subfield>
      <marc:subfield code="2">rdacontent</marc:subfield>
    </marc:datafield>
    <marc:datafield tag="337" ind1=" " ind2=" ">
      <marc:subfield code="a">ohne Hilfsmittel zu benutzen</marc:subfield>
      <marc:subfield code="b">n</marc:subfield>
      <marc:subfield code="2">rdamedia</marc:subfield>
    </marc:datafield>
    <marc:datafield tag="338" ind1=" " ind2=" ">
      <marc:subfield code="a">Band</marc:subfield>
      <marc:subfield code="b">nc</marc:subfield>
      <marc:subfield code="2">rdacarrier</marc:subfield>
    </marc:datafield>
    <marc:datafield tag="362" ind1="0" ind2=" ">
      <marc:subfield code="a">1.1896/97(1898) - 12.1909/12(1913); N.S. 1.1923/24(1925) - 2.1924/25(1927); 3.Sér. 1/2.1940/48(1949); 3.Sér. [2.]1948/49(1951) - [15.]1964(1966); 3.Ser. 16.1965(1967) -</marc:subfield>
    </marc:datafield>
    <marc:datafield tag="363" ind1="0" ind2="0">
      <marc:subfield code="8">1.1\x</marc:subfield>
      <marc:subfield code="i">1896/97</marc:subfield>
    </marc:datafield>
    <marc:datafield tag="363" ind1="1" ind2="0">
      <marc:subfield code="8">1.2\x</marc:subfield>
      <marc:subfield code="i">1924/25</marc:subfield>
    </marc:datafield>
    <marc:datafield tag="363" ind1="0" ind2="1">
      <marc:subfield code="8">2.1\x</marc:subfield>
      <marc:subfield code="i">1940/48</marc:subfield>
    </marc:datafield>
    <marc:datafield tag="490" ind1="0" ind2=" ">
      <marc:subfield code="a">Bibliothèque de philosophie contemporaine</marc:subfield>
    </marc:datafield>
    <marc:datafield tag="500" ind1=" " ind2=" ">
      <marc:subfield code="a">Erscheint halbjährlich, früher jährlich</marc:subfield>
    </marc:datafield>
    <marc:datafield tag="500" ind1=" " ind2=" ">
      <marc:subfield code="a">Repr.: Nendeln : Kraus ; Bad Feilnbach : Schmidt Periodicals</marc:subfield>
    </marc:datafield>
    <marc:datafield tag="591" ind1=" " ind2=" ">
      <marc:subfield code="a">A!C!S!C</marc:subfield>
    </marc:datafield>
    <marc:datafield tag="655" ind1=" " ind2="7">
      <marc:subfield code="0">(DE-588)4067488-5</marc:subfield>
      <marc:subfield code="0">https://d-nb.info/gnd/4067488-5</marc:subfield>
      <marc:subfield code="0">(DE-101)040674886</marc:subfield>
      <marc:subfield code="a">Zeitschrift</marc:subfield>
      <marc:subfield code="2">gnd-content</marc:subfield>
    </marc:datafield>
    <marc:datafield tag="776" ind1="0" ind2="8">
      <marc:subfield code="i">Erscheint auch als</marc:subfield>
      <marc:subfield code="n">Online-Ausgabe,  bis 2.1924/25</marc:subfield>
      <marc:subfield code="t">&#152;L'&#156; année sociologique</marc:subfield>
      <marc:subfield code="d">Paris : Presses Univ. de France, 1898-1927</marc:subfield>
      <marc:subfield code="h">Online-Ressource</marc:subfield>
      <marc:subfield code="w">(DE-600)2642860-X</marc:subfield>
      <marc:subfield code="w">(DE-101)1018124993</marc:subfield>
    </marc:datafield>
    <marc:datafield tag="776" ind1="0" ind2="8">
      <marc:subfield code="i">Erscheint auch als</marc:subfield>
      <marc:subfield code="n">Online-Ausgabe,  ab 1.1940/48</marc:subfield>
      <marc:subfield code="t">&#152;L'&#156; année sociologique</marc:subfield>
      <marc:subfield code="d">Paris : Presses Univ. de France, 1949-</marc:subfield>
      <marc:subfield code="h">Online-Ressource</marc:subfield>
      <marc:subfield code="x">1969-6760</marc:subfield>
      <marc:subfield code="w">(DE-600)2413149-0</marc:subfield>
      <marc:subfield code="w">(DE-101)987743651</marc:subfield>
    </marc:datafield>
    <marc:datafield tag="776" ind1="0" ind2="8">
      <marc:subfield code="i">Elektronische Reproduktion</marc:subfield>
      <marc:subfield code="t">&#152;L'&#156; année sociologique</marc:subfield>
      <marc:subfield code="d">Paris : Press Univ. de France, 1898-1927</marc:subfield>
      <marc:subfield code="h">Online-Ressource</marc:subfield>
      <marc:subfield code="x">2419-9265</marc:subfield>
      <marc:subfield code="w">(DE-600)2124455-8</marc:subfield>
      <marc:subfield code="w">(DE-101)025238825</marc:subfield>
    </marc:datafield>
    <marc:datafield tag="785" ind1="0" ind2="8">
      <marc:subfield code="i">1.1934 - 4.1941</marc:subfield>
      <marc:subfield code="t">Annales sociologiques / A</marc:subfield>
      <marc:subfield code="d">Paris : [Verlag nicht ermittelbar], 1934-1941</marc:subfield>
      <marc:subfield code="x">0245-906X</marc:subfield>
      <marc:subfield code="w">(DE-600)210931-1</marc:subfield>
      <marc:subfield code="w">(DE-101)01122407X</marc:subfield>
    </marc:datafield>
    <marc:datafield tag="785" ind1="0" ind2="8">
      <marc:subfield code="i">1/3.1939 - 4.1940</marc:subfield>
      <marc:subfield code="t">Annales sociologiques / B</marc:subfield>
      <marc:subfield code="d">Paris : [Verlag nicht ermittelbar], 1939-1940</marc:subfield>
      <marc:subfield code="x">0245-9078</marc:subfield>
      <marc:subfield code="w">(DE-600)210932-3</marc:subfield>
      <marc:subfield code="w">(DE-101)011224088</marc:subfield>
    </marc:datafield>
    <marc:datafield tag="785" ind1="0" ind2="8">
      <marc:subfield code="i">1.1935 - 3.1938</marc:subfield>
      <marc:subfield code="t">Annales sociologiques / C</marc:subfield>
      <marc:subfield code="d">Paris : [Verlag nicht ermittelbar], 1935-1938</marc:subfield>
      <marc:subfield code="x">0245-9086</marc:subfield>
      <marc:subfield code="w">(DE-600)210933-5</marc:subfield>
      <marc:subfield code="w">(DE-101)011224096</marc:subfield>
    </marc:datafield>
    <marc:datafield tag="785" ind1="0" ind2="8">
      <marc:subfield code="i">1.1934 - 4.1940</marc:subfield>
      <marc:subfield code="t">Annales sociologiques / D</marc:subfield>
      <marc:subfield code="d">Paris : [Verlag nicht ermittelbar], 1934-1940</marc:subfield>
      <marc:subfield code="x">0245-9094</marc:subfield>
      <marc:subfield code="w">(DE-600)210934-7</marc:subfield>
      <marc:subfield code="w">(DE-101)01122410X</marc:subfield>
    </marc:datafield>
    <marc:datafield tag="785" ind1="0" ind2="8">
      <marc:subfield code="i">1.1935 - 3/4.1942</marc:subfield>
      <marc:subfield code="t">Annales sociologiques / E</marc:subfield>
      <marc:subfield code="d">Paris : [Verlag nicht ermittelbar], 1935-1942</marc:subfield>
      <marc:subfield code="x">0245-9108</marc:subfield>
      <marc:subfield code="w">(DE-600)210935-9</marc:subfield>
      <marc:subfield code="w">(DE-101)011224118</marc:subfield>
    </marc:datafield>
    <marc:datafield tag="850" ind1=" " ind2=" ">
      <marc:subfield code="a">DE-101a</marc:subfield>
      <marc:subfield code="a">DE-101b</marc:subfield>
    </marc:datafield>
    <marc:datafield tag="925" ind1="r" ind2=" ">
      <marc:subfield code="a">ra</marc:subfield>
    </marc:datafield>
  </marc:record>
</marc:collection>
